Countries that were once banned in the olympics - Statistics

General Stats
  • This quiz has been taken 62 times
  • The average score is 7 of 11
Answer Stats
Hint Answer % Correct
20162018 2020 2022 2024 Russia
98%
19201924 1948 Germany
85%
1948 Japan
66%
2024 Belarus
63%
2000 Afghanistan
59%
19641972 1976 1980 1984 1988 South Africa
56%
1920 Austria
54%
1920 Hungary
51%
1920 Turkey
51%
1920 Bulgaria
46%
19721976 Zimbabwe
22%
No matching quizzes found
Score Distribution
Percent of People with Each Score
Percentile by Number Answered
Your Score History
You have not taken this quiz